Edel Mary Quinn (Record no. 148931)

MARC details
000 -LEADER
campo de control de longitud fija 00823nam a2200229 i 4500
001 - NÚMERO DE CONTROL
campo de control 148931
003 - IDENTIFICADOR DE NÚMERO DE CONTROL
campo de control ES-MaACL
005 - FECHA Y HORA DE LA ÚLTIMA TRANSACCIÓN
campo de control 20230906202857.0
007 - CAMPO FIJO DE DESCRIPCIÓN FÍSICA--INFORMACIÓN GENERAL
campo de control de longitud fija t|
008 - DATOS DE LONGITUD FIJA--INFORMACIÓN GENERAL
campo de control de longitud fija 070214s1956 sp r ||||1| spa d
100 1# - ENTRADA PRINCIPAL--NOMBRE DE PERSONA
Nombre de persona Suenens, Léon Joseph.
9 (RLIN) 108729
245 10 - MENCIÓN DEL TÍTULO
Título Edel Mary Quinn
Resto del título : una heroína del apostolado /
Mención de responsabilidad, etc. Léon Joseph Suenens ; prólogo de Mons. Riberi ; traducción de Angel Arin Ormazábal ; en colaboración con Ana María Arranz Carabias.
260 ## - PUBLICACIÓN, DISTRIBUCIÓN, ETC.
Lugar de publicación, distribución, etc. San Sebastián :
Nombre del editor, distribuidor, etc. Dinor,
Fecha de publicación, distribución, etc. 1956.
300 ## - DESCRIPCIÓN FÍSICA
Extensión 387 p. ;
Dimensiones 19 cm.
490 1# - MENCIÓN DE SERIE
Mención de serie Col. prisma ;
Designación de volumen o secuencia 16
700 1# - ENTRADA AGREGADA--NOMBRE PERSONAL
Nombre de persona Arín Ormazabal, Ángel de.
9 (RLIN) 22835
700 1# - ENTRADA AGREGADA--NOMBRE PERSONAL
Nombre de persona Arranz Carabias, Ana María.
9 (RLIN) 23222
700 1# - ENTRADA AGREGADA--NOMBRE PERSONAL
Nombre de persona Riberi, Antonio.
9 (RLIN) 140047
830 0# - PUNTO DE ACCESO ADICIONAL DE SERIE-TÍTULO UNIFORME
Título uniforme Col. prisma ;
Designación de volumen o secuencia 16
9 (RLIN) 186993
852 ## - LOCALIZACIÓN
Ubicación ES-MaACL
Número de control de estantería C-11609
Sublocalización o colección R.39733
Holdings
Estatus retirado Estado de pérdida Estado de daño No para préstamo Biblioteca de origen Biblioteca actual Ubicación en estantería Fecha de adquisición Fuente de adquisición Total de préstamos Signatura topográfica completa Código de barras Visto por última vez Precio de reemplazo Tipo de ítem Koha
        Biblioteca del Ateneo de Madrid Biblioteca del Ateneo de Madrid Sala Palomar 17/01/2008     C-11609 1155416 23/02/2023 23/02/2023 Libro impreso